[Event "Wuertemberg-ch Seniors 27th"]
[Site "Freudenstadt"]
[Date "2015.07.10"]
[Round "8"]
[White "Helbig, Dieter"]
[Black "Will, Roland"]
[Result "0-1"]
[WhiteElo "1797"]
[BlackElo "1582"]
[PlyCount "114"]
[EventDate "2015.07.03"]
[EventType "swiss"]
[EventRounds "9"]
[EventCountry "GER"]
[SourceTitle "EXT 2016"]
[Source "ChessBase"]
[SourceDate "2015.10.08"]
[SourceVersion "1"]
[SourceVersionDate "2015.10.08"]
[SourceQuality "1"]

1. c4 Nf6 2. Nc3 g6 3. d4 Bg7 4. e4 d6 5. Nf3 Bg4 6. Be2 Nbd7 7. 0-0 0-0 8. Be3 c6 9. Qc2 Qc7 10. Rac1 Rfe8 11. Rfd1 Rad8 12. b4 b6 13. h3 Bxf3 14. Bxf3 e5 15. d5 c5 16. Nb5 Qb8 17. a3 a6 18. Nc3 Rc8 19. b5 a5 20. g4 Rf8 21. g5 Ne8 22. Bg4 Rc7 23. f4 exf4 24. Bxf4 Ne5 25. Be2 f6 26. gxf6 Bxf6 27. Rf1 Rcf7 28. Kg2 Qd8 29. Qd2 g5 30. Bxe5 Bxe5 31. Rxf7 Rxf7 32. Rg1 Bd4 33. Rf1 Rxf1 34. Bxf1 Bxc3 35. Qxc3 Qe7 36. Qe3 Qe5 37. Be2 Nf6 38. Bf3 h5 39. Kg1 Qg3+ 40. Kf1 Qxh3+ 41. Ke2 Qh2+ 42. Kd3 Qe5 43. Qg1 Kg7 44. Qc1 Kg6 45. Qc3 Qf4 46. Ke2 g4 47. Bg2 Nxe4 48. Qe1 g3 49. Bf3 h4 50. a4 Kf5 51. Qd1 Nc3+ 52. Kf1 Nxd1 53. Kg2 Ne3+ 54. Kh3 Nxc4 55. Bg4+ Qxg4+ 56. Kg2 Ne3+ 57. Kg1 Qd1# 0-1